Catalog

Record Details

Catalog Search



Click, clack, ho ho ho! / Doreen Cronin ; ... Read More

Cronin, Doreen,(author.).
Lewin, Betsy,(illustrator.).
Series: Click, clack

Available copies

  • 5 of 6 copies available at LARL/NWRL Consortium.
  • 0 of 1 copy available at Lake Agassiz Regional Library. (Show preferred library)

Current holds

0 current holds with 6 total copies.

Show Only Available Copies
Location Call Number / Copy Notes Barcode Shelving Location Status Due Date
Moorhead Public Library E C (Text) 33500012154845 Main Checked out 05/23/2026
Godel Memorial-Warren Library e CRO (Text) 35500005693898 Main Available -
Karlstad LINK Site e CRO (Text) 35500005693930 Main Available -
Red Lake Falls Public Library e CRO (Text) 35500005694011 Main Available -
Roseau Public Library e CRO (Text) 35500005694037 Main Available -
Warroad Public Library e CRO (Text) 35500005694029 Main Available -

Record details

  • ISBN: 9781442496736 (hardcover)
  • ISBN: 1442496738 (hardcover)
  • Physical Description: pages cm
  • Edition: First edition.
  • Publisher: New York : Atheneum Books for Young Readers, [2015]

Content descriptions

Summary, etc.:
As Farmer Brown prepares the house for Christmas, ... Read More
Subject: Ducks > Juvenile fiction.
Animals > Juvenile fiction.
Santa Claus > Juvenile fiction.
Christmas stories.
Ducks > Fiction.
Domestic animals > Fiction.
Santa Claus > Fiction.
Christmas > Fiction.
Animals.
Christmas stories.
Ducks
Santa Claus
Genre: Fiction.
Juvenile works.
LDR 02702cam a22005898i 4500
001183004
003LARL_NWRL_CONSORTIUM
00520180730191547.0
008141204s2015 nyu b 000 1 eng c
010 . ‡a2014043594
020 . ‡a9781442496736 (hardcover)
020 . ‡a1442496738 (hardcover)
035 . ‡a(OCoLC)897632426
040 . ‡aNJQ/DLC ‡beng ‡erda ‡cZQP ‡dDLC ‡dOCLCO ‡dOCLCF ‡dYDXCP ‡dBTCTA ‡dBDX
042 . ‡alcac ‡apcc
08204. ‡a[E] ‡223
1001 . ‡aCronin, Doreen, ‡eauthor. ‡0(LARL_NWRL_CONSORTIUM)124243
24510. ‡aClick, clack, ho ho ho! / ‡cDoreen Cronin ; illustrated by Betsy Lewin.
250 . ‡aFirst edition.
260 . ‡aNew York : ‡bAtheneum Books for Young Readers, ‡c[2015]
300 . ‡apages cm
336 . ‡atext ‡2rdacontent
336 . ‡astill image ‡2rdacontent
337 . ‡aunmediated ‡2rdamedia
338 . ‡avolume ‡2rdacarrier
4900 . ‡aClick, clack
520 . ‡aAs Farmer Brown prepares the house for Christmas, Duck tries to play Santa--but he gets stuck in the chimney, along with all the other animals who try to help.
650 0. ‡aDucks ‡vJuvenile fiction. ‡0(LARL_NWRL_CONSORTIUM)172031
650 0. ‡aAnimals ‡vJuvenile fiction. ‡0(LARL_NWRL_CONSORTIUM)162061
650 0. ‡aSanta Claus ‡vJuvenile fiction. ‡0(LARL_NWRL_CONSORTIUM)167194
650 0. ‡aChristmas stories. ‡0(LARL_NWRL_CONSORTIUM)16743
650 1. ‡aDucks ‡vFiction.
650 1. ‡aDomestic animals ‡vFiction.
650 1. ‡aSanta Claus ‡vFiction. ‡0(LARL_NWRL_CONSORTIUM)174786
650 1. ‡aChristmas ‡vFiction. ‡0(LARL_NWRL_CONSORTIUM)175931
650 7. ‡aAnimals. ‡2fast ‡0(LARL_NWRL_CONSORTIUM)13546
650 7. ‡aChristmas stories. ‡2fast ‡0(LARL_NWRL_CONSORTIUM)16743
650 7. ‡2fast ‡aDucks ‡0(LARL_NWRL_CONSORTIUM)18850
650 7. ‡2fast ‡aSanta Claus ‡0(LARL_NWRL_CONSORTIUM)30228
655 7. ‡aFiction. ‡2fast
655 7. ‡aJuvenile works. ‡2fast
7001 . ‡aLewin, Betsy, ‡eillustrator. ‡0(LARL_NWRL_CONSORTIUM)60824
901 . ‡a183004 ‡bOCLC ‡c183004 ‡tbiblio

Additional Resources